000
00232nam a22000857a 4500
008
160629b xxu||||| |||| 00| 0 eng d
100
_9
1325
_a
Rao, I.P
245
_a
Makers of Indian Literature Valmiki
260
_a
N.D
_b
Sahitya Akademi
_c
2000
999
_c
1087
_d
1087